Random General Knowledge Quiz - Statistics

General Stats
  • This quiz has been taken 6 times
  • The average score is 9 of 20
Answer Stats
Hint Answer % Correct
What continent is India in Asia
100%
Which US state has the most national park California
100%
If every direction you look is north, where are you South Pole
100%
What color do you get if you mix black and white paint Grey
80%
How many countries are there 195
60%
What is the official language of Egypt Arabic
60%
What is the animal on the Porsche logo Horse
60%
What color is Orchid Purple
60%
Which tennis player is known as "King of Clay" Rafael Nadal
60%
Francisco franco ruled what country Spain
60%
What is the primary ingredient of Ceasar Salad Anchovies
40%
What is the scientific name of the collarbone Clavicle
20%
What is the full form of DNA Deoxyribonucleic acid
20%
Who named the Pacific Ocean Ferdinand Magellan
20%
Which Pharrell's song is played in Despicable me 2 Happy
20%
What is the slogan for the paper towel, Bounty Quicker Picker Upper
20%
How many countries are in Asia 48
0%
How many countries are in Africa 54
0%
What US president fought 13 duels Andrew Jackson
0%
In Paw Patrol, what is Rubble's job Construction worker
0%
No matching quizzes found
Score Distribution
Percent of People with Each Score
Percentile by Number Answered
Your Score History
You have not taken this quiz